| 000 | 00886nam a22002297a 4500 | ||
|---|---|---|---|
| 999 |
_c12794 _d12794 |
||
| 003 | AR-CdUCM | ||
| 008 | 190410b ||||| |||| 00| 0 spa d | ||
| 040 |
_aMUNICIPALIDAD PROVINCIAL DEL CUSCO _cBIBLIOTECA MUNICIPAL DEL CUSCO |
||
| 082 |
_aC / 377.707 / _bC955 |
||
| 100 |
_aCrucinta Ugarte, Eleazar _95525 |
||
| 245 | _aLibro de oro / | ||
| 260 |
_aCusco : _bMunicipalidad Provincial del Cusco, _c1997. |
||
| 300 |
_a155 páginas ; _bImágenes, ilustraciones, fotografías, retretes, _c23 cm. |
||
| 500 | _aAntes del titulo: Bodas de Oro 1946 - 1996. | ||
| 505 | _aContenido: Generalidades del arte Cusqueño -- Presencia institucional a través del medio siglo. | ||
| 650 |
_aEscuela superior autónoma de Bellas Artes "Diego Quispe Tito" _930861 |
||
| 650 |
_aCusco _9772 |
||
| 650 |
_aPerú _935 |
||
| 650 |
_aSiglo XX _98 |
||
| 942 |
_2ddc _cLIBROS |
||
| 945 |
_acmm _d2019-04-10 |
||